|
|
|
|
| LEADER |
00000nam a2200000 a 4500 |
| 001 |
vtls001471647 |
| 003 |
SK-MaSNL |
| 005 |
20260302073506.0 |
| 008 |
160624s2004 xo 0 und |
| 035 |
|
|
|a SNK000426950
|
| 040 |
|
|
|a SNK
|b slo
|c SNK
|e AACR2
|
| 044 |
|
|
|a xo
|c SK
|
| 245 |
1 |
|
|a STN ISO 2240 Fotografia
|b farebné inverzné filmy : stanovenie citlivosti podľa ISO
|
| 260 |
|
|
|a Bratislava
|b Slovenský ústav technickej normalizácie
|c 2002
|
| 500 |
|
|
|a Táto norma obsahuje ISO 2240 :1994 v českom jazyku
|
| 655 |
|
7 |
|a normy
|2 SNK
|9 70643
|
| 999 |
|
|
|c 1161052
|d 1162982
|
| 952 |
|
|
|t P60, <03>, [BOOK], {603}
|a SNK
|b SNK
|y PREZ
|7 0
|p 17A0421522
|o snkSTN ISO 2240
|i snkN 1523/2004
|0 0
|1 0
|4 0
|d 2004-03-23
|l 0
|r 2005-01-02 00:00:00
|w 2026-02-24
|
| 952 |
|
|
|t P66, <07>, [BOOK], {667}
|a SNK
|b SNK
|y PREZ
|7 0
|p 17A0421523
|o snkSTN ISO 2240 D1
|i snkN 1524/2004
|0 0
|1 0
|4 0
|d 2004-03-23
|l 0
|r 2005-01-02 00:00:00
|w 2026-02-24
|